[Event "EU-chT U18"]
[Site "Terme Catez"]
[Date "2025.07.09"]
[Round "5.4"]
[White "Turcsanyi, Vince Gergo"]
[Black "Gschiel, Alexander"]
[Result "0-1"]
[WhiteElo "2312"]
[BlackElo "2300"]
[PlyCount "74"]
[EventDate "2025.07.05"]
[EventType "team-swiss"]
[EventRounds "7"]
[EventCountry "SLO"]
[SourceTitle "CB29_2025"]
[SourceDate "2025.07.16"]
[SourceVersion "1"]
[SourceVersionDate "2025.07.16"]
[SourceQuality "1"]
[WhiteTeam "Hungary"]
[BlackTeam "Austria"]
[WhiteTeamCountry "HUN"]
[BlackTeamCountry "AUT"]

1. Nf3 d5 2. e3 c6 3. c4 Bf5 4. cxd5 cxd5 5. Nc3 e6 6. Bb5+ Nc6 7. Nd4 Nge7 8. Nxf5 Nxf5 9. d4 Be7 10. 0-0 0-0 11. Bxc6 bxc6 12. Na4 Qc7 13. Bd2 e5 14. Qf3 Nd6 15. Bb4 exd4 16. exd4 Ne4 17. Bxe7 Qxe7 18. Qd3 Qb4 19. b3 Rfe8 20. Rac1 Rac8 21. h3 Nd6 22. Qc3 Qb8 23. Rfe1 Ne4 24. Qd3 Qf4 25. Rc2 Re6 26. g3 Nxf2 27. Rxe6 Nxd3 28. Re8+ Rxe8 29. gxf4 Nxf4 30. Rxc6 Nxh3+ 31. Kf1 h5 32. Nc3 Nf4 33. Rd6 h4 34. Nxd5 h3 35. Kg1 Re1+ 36. Kh2 Re2+ 37. Kh1 Nh5 0-1

[Event "EU-chT U18"]
[Site "Terme Catez"]
[Date "2025.07.06"]
[Round "2.4"]
[White "Gschiel, Alexander"]
[Black "Mocic, Ivano"]
[Result "1-0"]
[WhiteElo "2300"]
[BlackElo "2133"]
[PlyCount "87"]
[EventDate "2025.07.05"]
[EventType "team-swiss"]
[EventRounds "7"]
[EventCountry "SLO"]
[SourceTitle "CB29_2025"]
[SourceDate "2025.07.16"]
[SourceVersion "1"]
[SourceVersionDate "2025.07.16"]
[SourceQuality "1"]
[WhiteTeam "Austria"]
[BlackTeam "Croatia II"]
[WhiteTeamCountry "AUT"]
[BlackTeamCountry "CRO"]

1. Nf3 c5 2. c4 Nc6 3. Nc3 e5 4. g3 g6 5. Bg2 Bg7 6. d3 Nge7 7. h4 h5 8. 0-0 d6 9. a3 a6 10. Rb1 Rb8 11. Bg5 0-0 12. Ne1 f6 13. Bd2 Be6 14. Nc2 d5 15. cxd5 Nxd5 16. Ne4 Qe7 17. Ne3 Nxe3 18. Bxe3 Nd4 19. b4 b6 20. Bxd4 cxd4 21. Qa4 Kh8 22. Qxa6 Qd8 23. Nd2 f5 24. a4 Bd5 25. Qb5 Bxg2 26. Kxg2 Qe7 27. Nf3 Bf6 28. Rfd1 e4 29. dxe4 fxe4 30. Nxd4 Bxd4 31. Rxd4 Qf6 32. Rxe4 Qxf2+ 33. Kh3 Rf5 34. Qd7 Rbf8 35. Qd4+ Qxd4 36. Rxd4 Re5 37. e4 Rf3 38. Rc1 Re3 39. Rc6 g5 40. Rc8+ Kg7 41. Rd7+ Kf6 42. Rc6+ Re6 43. hxg5+ Ke5 44. Rd5+ 1-0

[Event "AUT-chT Blitz"]
[Site "Pasching"]
[Date "2025.05.31"]
[Round "7.16"]
[White "Horvath, Dominik"]
[Black "Gschiel, Alexander"]
[Result "0-1"]
[WhiteElo "2532"]
[BlackElo "2300"]
[PlyCount "76"]
[EventDate "2025.05.31"]
[EventType "team-swiss (blitz)"]
[EventRounds "13"]
[EventCountry "AUT"]
[SourceTitle "CB23_2025"]
[SourceDate "2025.06.04"]
[SourceVersion "1"]
[SourceVersionDate "2025.06.04"]
[SourceQuality "1"]
[WhiteTeam "SpaceBar Crushers"]
[BlackTeam "Vier gewinnt (vielleicht)"]
[WhiteTeamCountry "AUT"]
[BlackTeamCountry "AUT"]

1. d4 d5 2. c4 e6 3. Nf3 Nf6 4. g3 Bb4+ 5. Bd2 Be7 6. Qc2 0-0 7. Bg2 c6 8. Bf4 a5 9. Nbd2 b6 10. h4 Bb7 11. Rd1 Nbd7 12. e4 dxe4 13. Nxe4 Nxe4 14. Qxe4 Nf6 15. Qc2 Bb4+ 16. Kf1 Qe7 17. c5 bxc5 18. a3 cxd4 19. axb4 axb4 20. Ng5 h6 21. Be5 d3 22. Qd2 hxg5 23. hxg5 Ng4 24. Qf4 f5 25. Bd6 Qf7 26. f3 e5 27. Bxe5 Nxe5 28. Qxe5 Rae8 29. Qf4 Ba6 30. Qh4 d2+ 31. Kg1 Re1+ 32. Kh2 Rxh1+ 33. Rxh1 Qd5 34. g6 Rf6 35. Qh7+ Kf8 36. Qh8+ Qg8 37. Qxg8+ Kxg8 38. Ra1 Be2 0-1

[Event "Wch U18 blitz"]
[Site "Terme Catez"]
[Date "2024.12.16"]
[Round "8"]
[White "Gschiel, Alexander"]
[Black "Franc, Borna"]
[Result "1-0"]
[WhiteElo "2314"]
[BlackElo "2282"]
[PlyCount "71"]
[EventDate "2024.12.16"]
[EventType "swiss (blitz)"]
[EventRounds "22"]
[EventCountry "SLO"]
[SourceTitle "CB51_2024"]
[SourceDate "2024.12.18"]
[SourceVersion "1"]
[SourceVersionDate "2024.12.18"]
[SourceQuality "1"]

1. d4 Nf6 2. Nf3 e6 3. c4 d5 4. g3 Bb4+ 5. Bd2 Be7 6. Bg2 0-0 7. 0-0 c6 8. Qc2 b6 9. Bf4 Nbd7 10. cxd5 cxd5 11. Rc1 Ba6 12. Nc3 Bb4 13. Ne5 Nxe5 14. dxe5 Nd7 15. e4 d4 16. Qa4 Bxc3 17. bxc3 Nc5 18. Qxd4 Qe8 19. Rd1 Rd8 20. Qe3 Qa4 21. Rd4 Qa3 22. Bg5 Rc8 23. Rad1 Rfe8 24. Qf3 Qxa2 25. R4d2 Qa3 26. Qg4 Kh8 27. h4 Qxc3 28. h5 Qxe5 29. h6 gxh6 30. Bxh6 Rg8 31. Qh4 Nd3 32. Rxd3 Bxd3 33. Rxd3 Rg6 34. Bf4 Qg7 35. Rd8+ Rxd8 36. Qxd8+ 1-0

[Event "Wch U18 blitz"]
[Site "Terme Catez"]
[Date "2024.12.16"]
[Round "20"]
[White "Gschiel, Alexander"]
[Black "Nedelcu, Teodor Cosmin"]
[Result "0-1"]
[WhiteElo "2314"]
[BlackElo "2320"]
[PlyCount "134"]
[EventDate "2024.12.16"]
[EventType "swiss (blitz)"]
[EventRounds "22"]
[EventCountry "SLO"]
[SourceTitle "CB51_2024"]
[SourceDate "2024.12.18"]
[SourceVersion "1"]
[SourceVersionDate "2024.12.18"]
[SourceQuality "1"]

1. d4 d5 2. c4 e6 3. Nf3 Nf6 4. g3 b6 5. cxd5 exd5 6. Bg2 Be7 7. 0-0 0-0 8. Bf4 Bb7 9. Nc3 c5 10. Rc1 Nc6 11. dxc5 bxc5 12. Qa4 Qb6 13. Rfd1 d4 14. Nb5 a6 15. Nd6 Na5 16. Nf5 Rfe8 17. Nxe7+ Rxe7 18. e3 Nd5 19. exd4 Nxf4 20. gxf4 cxd4 21. Qxd4 Qg6 22. Kh1 h6 23. Qc5 Nc6 24. Rd6 Qg4 25. Rxc6 Bxc6 26. Qxc6 Rae8 27. Qc4 Re4 28. Qxa6 Qxf4 29. Rd1 Re2 30. Qc6 Qf6 31. Qxf6 gxf6 32. Rd2 Rxd2 33. Nxd2 Re2 34. Nc4 Re1+ 35. Bf1 Rxf1+ 36. Kg2 Rc1 37. Ne3 Rb1 38. Nc4 Rc1 39. Ne3 Kf8 40. a3 Ke7 41. Nd5+ Ke6 42. Ne3 Rb1 43. Nc4 Kd5 44. Ne3+ Ke4 45. Nc4 Kd4 46. Ne3 Rxb2 47. Nf5+ Ke5 48. Nxh6 Ke6 49. Ng4 Ra2 50. Ne3 Rxa3 51. Kf3 Ra4 52. h3 f5 53. Kg2 Ke5 54. Kf3 Kf6 55. Nd5+ Kg5 56. Ne3 Rh4 57. Kg2 Rh8 58. Nd5 f6 59. Ne3 f4 60. Nd5 Rd8 61. Nc3 Kf5 62. Ne2 Rd3 63. Nc1 Rc3 64. Na2 Rc4 65. Kf3 Kg5 66. Kg2 Kh4 67. Kf3 Kxh3 0-1

[Event "Wch U18 blitz"]
[Site "Terme Catez"]
[Date "2024.12.16"]
[Round "6"]
[White "Gschiel, Alexander"]
[Black "Pasztor, Balazs"]
[Result "1/2-1/2"]
[WhiteElo "2314"]
[BlackElo "2428"]
[PlyCount "47"]
[EventDate "2024.12.16"]
[EventType "swiss (blitz)"]
[EventRounds "22"]
[EventCountry "SLO"]
[SourceTitle "CB51_2024"]
[SourceDate "2024.12.18"]
[SourceVersion "1"]
[SourceVersionDate "2024.12.18"]
[SourceQuality "1"]

1. d4 d5 2. c4 e6 3. Nf3 Nf6 4. g3 Be7 5. Bg2 0-0 6. 0-0 dxc4 7. Qc2 c6 8. Qxc4 b5 9. Qc2 Bb7 10. a4 Nbd7 11. Nc3 a6 12. Bf4 Qb6 13. Rfd1 Rac8 14. Ne5 Nxe5 15. Bxe5 c5 16. axb5 Bxg2 17. Kxg2 axb5 18. dxc5 Qxc5 19. Bxf6 Bxf6 20. Qb3 Qc6+ 21. Kg1 Bxc3 22. bxc3 g6 23. Ra5 Qxc3 24. Qxc3 1/2-1/2

[Event "Wch U18 blitz"]
[Site "Terme Catez"]
[Date "2024.12.16"]
[Round "10"]
[White "Gschiel, Alexander"]
[Black "Trushko, Andrii"]
[Result "0-1"]
[WhiteElo "2314"]
[BlackElo "2143"]
[PlyCount "79"]
[EventDate "2024.12.16"]
[EventType "swiss (blitz)"]
[EventRounds "22"]
[EventCountry "SLO"]
[SourceTitle "CB51_2024"]
[SourceDate "2024.12.18"]
[SourceVersion "1"]
[SourceVersionDate "2024.12.18"]
[SourceQuality "1"]

1. d4 Nf6 2. c4 e6 3. Nf3 d5 4. g3 Be7 5. Bg2 0-0 6. 0-0 b6 7. cxd5 exd5 8. Nc3 Bb7 9. Bf4 c5 10. Rc1 Nbd7 11. Nh4 Re8 12. Nf5 Bf8 13. Nd6 Bxd6 14. Bxd6 c4 15. b3 Rc8 16. Bf4 a6 17. Re1 b5 18. bxc4 Rxc4 19. Bg5 h6 20. Nxd5 Bxd5 21. Bxd5 Rxc1 22. Qxc1 hxg5 23. Qxg5 Nxd5 24. Qxd5 Nf6 25. Qb7 Qa8 26. Qb6 Rb8 27. Qa5 Qc6 28. Qd2 Rc8 29. Qf4 Qc3 30. Rd1 Qc4 31. Rd2 Qd5 32. f3 b4 33. e4 Qb5 34. Kg2 a5 35. d5 a4 36. d6 b3 37. axb3 axb3 38. e5 Nd7 39. Qf5 b2 40. Qe4 0-1

[Event "Wch U18 blitz"]
[Site "Terme Catez"]
[Date "2024.12.16"]
[Round "18"]
[White "Kovalskyi, Roman"]
[Black "Gschiel, Alexander"]
[Result "0-1"]
[WhiteElo "2213"]
[BlackElo "2314"]
[PlyCount "134"]
[EventDate "2024.12.16"]
[EventType "swiss (blitz)"]
[EventRounds "22"]
[EventCountry "SLO"]
[SourceTitle "CB51_2024"]
[SourceDate "2024.12.18"]
[SourceVersion "1"]
[SourceVersionDate "2024.12.18"]
[SourceQuality "1"]

1. e4 e5 2. Nf3 Nc6 3. Bc4 Nf6 4. Ng5 d5 5. exd5 Na5 6. Bb5+ c6 7. dxc6 bxc6 8. Bd3 h6 9. Ne4 Nd5 10. 0-0 Nf4 11. Re1 Nxd3 12. cxd3 Qxd3 13. Qa4 Qb5 14. Qc2 Be7 15. d4 0-0 16. Nbc3 Qb8 17. Be3 Nc4 18. dxe5 Qxe5 19. Rad1 Rb8 20. Bd4 Qh5 21. b3 Na3 22. Qd3 Be6 23. Qg3 Qg4 24. Qe5 Nb5 25. h3 Qg6 26. Nxb5 Rxb5 27. Qc7 Bxh3 28. Ng3 Bd6 29. Qxc6 Bxg3 30. Qxg6 fxg6 31. fxg3 Bg4 32. Rc1 Rf7 33. Rc2 Rd5 34. Bb2 Kh7 35. a3 g5 36. b4 Rfd7 37. Kh2 Bf5 38. Rf2 Bg6 39. Re6 Bf7 40. Ra6 Bg6 41. Re2 Bd3 42. Ree6 Bxa6 43. Rxa6 R5d6 44. Ra5 Rd2 45. Be5 g4 46. Bb8 Re2 47. Bf4 g5 48. Bc1 Rc2 49. Be3 Re2 50. Bxa7 Rdd2 51. Bc5 Rxg2+ 52. Kh1 Rh2+ 53. Kg1 Rdg2+ 54. Kf1 Rxg3 55. Bd6 Rh1+ 56. Kf2 Rf3+ 57. Kg2 Rhf1 58. Ra7+ Kg6 59. Bc5 h5 60. b5 h4 61. b6 h3+ 62. Kh2 Kf5 63. Rf7+ Ke6 64. Re7+ Kd5 65. Rc7 Rb3 66. b7 Rb2+ 67. Kg3 Rg2# 0-1

[Event "Wch U18 rapid"]
[Site "Terme Catez"]
[Date "2024.12.15"]
[Round "8"]
[White "Trushko, Andrii"]
[Black "Gschiel, Alexander"]
[Result "1-0"]
[WhiteElo "2143"]
[BlackElo "2314"]
[PlyCount "77"]
[EventDate "2024.12.14"]
[EventType "swiss (rapid)"]
[EventRounds "11"]
[EventCountry "SLO"]
[SourceTitle "CB51_2024"]
[SourceDate "2024.12.18"]
[SourceVersion "1"]
[SourceVersionDate "2024.12.18"]
[SourceQuality "1"]

1. d4 d5 2. Bf4 Nf6 3. e3 e6 4. Nd2 Bd6 5. Bxd6 Qxd6 6. c3 c5 7. Ngf3 0-0 8. Ne5 Nc6 9. f4 cxd4 10. cxd4 Bd7 11. a3 Ne7 12. Bd3 a6 13. Qe2 Qb6 14. g4 Bb5 15. Bxb5 Qxb5 16. Qxb5 axb5 17. g5 Nh5 18. Rc1 Nf5 19. Kf2 Rac8 20. Nd7 Rfd8 21. Nb6 Rxc1 22. Rxc1 f6 23. Rc7 Nd6 24. Nd7 Ra8 25. Nc5 b4 26. axb4 Ra2 27. Ke1 Rxb2 28. Nxe6 Rxb4 29. gxf6 gxf6 30. Rd7 Nc4 31. Rxd5 Nxd2 32. Kxd2 Rb2+ 33. Kd3 Rxh2 34. Rd7 b5 35. d5 b4 36. d6 b3 37. Rb7 Rh1 38. d7 Rd1+ 39. Kc3 1-0

[Event "Wch U18 rapid"]
[Site "Terme Catez"]
[Date "2024.12.14"]
[Round "3"]
[White "Gschiel, Alexander"]
[Black "Nedelcu, Teodor Cosmin"]
[Result "0-1"]
[WhiteElo "2314"]
[BlackElo "2320"]
[PlyCount "70"]
[EventDate "2024.12.14"]
[EventType "swiss (rapid)"]
[EventRounds "11"]
[EventCountry "SLO"]
[SourceTitle "CB51_2024"]
[SourceDate "2024.12.18"]
[SourceVersion "1"]
[SourceVersionDate "2024.12.18"]
[SourceQuality "1"]

1. d4 d5 2. Nf3 Nf6 3. c4 e6 4. g3 c6 5. Bg2 Bd6 6. 0-0 0-0 7. Qc2 Nbd7 8. Nbd2 e5 9. cxd5 Nxd5 10. Nc4 Qe7 11. Nxd6 Qxd6 12. Ng5 N7f6 13. Ne4 Nxe4 14. dxe5 Qxe5 15. Qxe4 Qf6 16. Qc2 Re8 17. e4 Nb4 18. Qd2 Na6 19. a3 Nc5 20. Qc2 Qe7 21. Re1 Be6 22. Be3 Nb3 23. Rad1 c5 24. f4 f6 25. Bf1 b6 26. Bc4 Na5 27. Bd5 Rad8 28. b4 cxb4 29. axb4 Bxd5 30. bxa5 Bxe4 31. Qc4+ Kh8 32. axb6 Rxd1 33. Rxd1 Ba8 34. Rd3 Qb7 35. Kf2 Qf3+ 0-1

[Event "Wch U18 rapid"]
[Site "Terme Catez"]
[Date "2024.12.14"]
[Round "5"]
[White "Weidenhoefer, Max"]
[Black "Gschiel, Alexander"]
[Result "0-1"]
[WhiteElo "1987"]
[BlackElo "2314"]
[PlyCount "60"]
[EventDate "2024.12.14"]
[EventType "swiss (rapid)"]
[EventRounds "11"]
[EventCountry "SLO"]
[SourceTitle "CB51_2024"]
[SourceDate "2024.12.18"]
[SourceVersion "1"]
[SourceVersionDate "2024.12.18"]
[SourceQuality "1"]

1. e4 e5 2. Bc4 Nf6 3. d3 Nc6 4. Nc3 Be7 5. f4 d6 6. f5 Na5 7. g4 h6 8. Be3 c6 9. Qf3 h5 10. g5 Ng4 11. h4 Nxe3 12. Qxe3 Qb6 13. Qxb6 axb6 14. a3 Nxc4 15. dxc4 g6 16. f6 Bd8 17. Nf3 Bg4 18. Nh2 Be6 19. b3 Bc7 20. a4 b5 21. cxb5 Ba5 22. Kd2 d5 23. Kd3 0-0-0 24. exd5 Bf5+ 25. Kc4 cxd5+ 26. Nxd5 Rxd5 27. b4 Rd4+ 28. Kb3 Be6+ 29. Kb2 Rxb4+ 30. Ka3 Rxh4 0-1

[Event "Bayern-chI Bank Hofmann 27th"]
[Site "Gmund am Tegernsee"]
[Date "2024.10.30"]
[Round "5"]
[White "Arnold, Max"]
[Black "Gschiel, Alexander"]
[Result "1/2-1/2"]
[WhiteElo "2254"]
[BlackElo "2326"]
[PlyCount "140"]
[EventDate "2024.10.26"]
[EventType "swiss"]
[EventRounds "9"]
[EventCountry "GER"]
[SourceTitle "CB45_2024"]
[Source "ChessBase"]
[SourceDate "2024.11.06"]
[SourceVersion "1"]
[SourceVersionDate "2024.11.06"]
[SourceQuality "1"]

1. e4 c6 2. d4 d5 3. exd5 cxd5 4. c4 Nf6 5. Nc3 Nc6 6. Nf3 Bg4 7. cxd5 Nxd5 8. Qb3 Bxf3 9. gxf3 Nb6 10. d5 Nd4 11. Bb5+ Nd7 12. Qa4 Nxb5 13. Qxb5 g6 14. 0-0 Bg7 15. Re1 0-0 16. Bg5 Bxc3 17. bxc3 f6 18. Bf4 b6 19. Qe2 Rf7 20. c4 Rc8 21. Rac1 Nc5 22. Rc3 g5 23. Bc1 Nb7 24. Ba3 Rc7 25. Qe6 Nd6 26. Rec1 Kg7 27. Bb4 Nb7 28. c5 bxc5 29. Bxc5 Nxc5 30. Rxc5 Rxc5 31. Rxc5 Qd6 32. Ra5 Qc7 33. Ra6 Rf8 34. Qe3 Ra8 35. Re6 Kf7 36. Qe4 Rh8 37. Kg2 h5 38. Qd4 Qb7 39. Qe4 g4 40. f4 h4 41. h3 g3 42. fxg3 Qb2+ 43. Qe2 Qa3 44. Re3 Qb4 45. Rb3 Qd6 46. Qe6+ Qxe6 47. dxe6+ Kxe6 48. Rb7 Rc8 49. gxh4 Rc2+ 50. Kg3 Rxa2 51. h5 Ra3+ 52. Kg2 Kf7 53. h6 Kg6 54. Rxe7 Kxh6 55. Re6 Kg6 56. Rc6 Kf5 57. h4 Ra4 58. Kg3 Ra3+ 59. Kg2 a5 60. h5 a4 61. h6 Ra2+ 62. Kg3 Ra3+ 63. Kg2 Ra2+ 64. Kg3 Kg6 65. h7 Kxh7 66. Rxf6 a3 67. Ra6 Ra1 68. Kg4 a2 69. Kf5 Kg7 70. Ra7+ Kg8 1/2-1/2

[Event "EU-ch U18 blitz"]
[Site "Prague"]
[Date "2024.08.20"]
[Round "17"]
[White "Gschiel, Alexander"]
[Black "Javornik, Nik"]
[Result "1-0"]
[WhiteElo "2346"]
[BlackElo "2212"]
[PlyCount "75"]
[EventDate "2024.08.19"]
[EventType "swiss (blitz)"]
[EventRounds "18"]
[EventCountry "CZE"]
[SourceTitle "CBM 221 Extra"]
[Source "ChessBase"]
[SourceDate "2024.09.30"]
[SourceVersion "1"]
[SourceVersionDate "2024.09.30"]
[SourceQuality "1"]

1. d4 Nf6 2. Nf3 g6 3. g3 Bg7 4. Bg2 0-0 5. 0-0 d6 6. Nc3 Nbd7 7. e4 e5 8. Re1 c6 9. Bg5 Qc7 10. Qd2 a5 11. a4 Re8 12. Rad1 Ng4 13. h3 Ngf6 14. Bh6 Bh8 15. d5 cxd5 16. Nxd5 Nxd5 17. Qxd5 Ra6 18. Bf1 Rc6 19. Bb5 Rxc2 20. Rc1 Rc5 21. Ng5 Re7 22. Rxc5 Nxc5 23. Bc4 Ne6 24. Rc1 Bg7 25. Bxg7 Kxg7 26. Nf3 Nc5 27. Bb5 Be6 28. Qd1 Qb6 29. Qe2 Bxh3 30. Qe3 Be6 31. Nxe5 dxe5 32. Rxc5 Rc7 33. Rxc7 Qxc7 34. Kg2 h5 35. Qd2 b6 36. f4 exf4 37. gxf4 Qc5 38. f5 1-0

[Event "EU-ch U18 blitz"]
[Site "Prague"]
[Date "2024.08.20"]
[Round "9"]
[White "Karolczuk, Iwo"]
[Black "Gschiel, Alexander"]
[Result "1-0"]
[WhiteElo "2356"]
[BlackElo "2346"]
[PlyCount "75"]
[EventDate "2024.08.19"]
[EventType "swiss (blitz)"]
[EventRounds "18"]
[EventCountry "CZE"]
[SourceTitle "CBM 221 Extra"]
[Source "ChessBase"]
[SourceDate "2024.09.30"]
[SourceVersion "1"]
[SourceVersionDate "2024.09.30"]
[SourceQuality "1"]

1. e4 c6 2. f3 e5 3. d4 exd4 4. Qxd4 d5 5. Nc3 Nf6 6. Bg5 Be7 7. 0-0-0 dxe4 8. Qxd8+ Bxd8 9. Nxe4 0-0 10. Nxf6+ Bxf6 11. Bxf6 gxf6 12. Ne2 Be6 13. Ng3 Nd7 14. Nh5 Rad8 15. Bd3 f5 16. Rhe1 Nc5 17. Bf1 Kh8 18. b3 Rfe8 19. Nf6 Rf8 20. Nh5 Rfe8 21. h3 Bd5 22. Rxe8+ Rxe8 23. Nf6 Rd8 24. c4 Rd6 25. Nh5 Rh6 26. g4 fxg4 27. fxg4 f5 28. cxd5 fxg4 29. hxg4 Rg6 30. Be2 cxd5 31. Rxd5 Ne4 32. Rd8+ Rg8 33. Rxg8+ Kxg8 34. Bd3 Nf2 35. Bf5 h6 36. Kd2 Kf7 37. Nf4 Kf6 38. Ke2 1-0

[Event "EU-ch U18 blitz"]
[Site "Prague"]
[Date "2024.08.19"]
[Round "3"]
[White "Gschiel, Alexander"]
[Black "Skrbec, Leon"]
[Result "1/2-1/2"]
[WhiteElo "2346"]
[BlackElo "2250"]
[PlyCount "105"]
[EventDate "2024.08.19"]
[EventType "swiss (blitz)"]
[EventRounds "18"]
[EventCountry "CZE"]
[SourceTitle "CBM 221 Extra"]
[Source "ChessBase"]
[SourceDate "2024.09.30"]
[SourceVersion "1"]
[SourceVersionDate "2024.09.30"]
[SourceQuality "1"]

1. d4 Nf6 2. Nf3 d5 3. c4 c6 4. Nc3 g6 5. g3 Bg7 6. Bg2 0-0 7. 0-0 dxc4 8. Ne5 Be6 9. a4 Nbd7 10. Bf4 Nxe5 11. Bxe5 Qd7 12. Rc1 Rac8 13. e3 b5 14. axb5 cxb5 15. Bxf6 Bxf6 16. Ne4 Bg7 17. Nc5 Qd6 18. Ra1 Rxc5 19. dxc5 Qxc5 20. Qd2 b4 21. Rfc1 a5 22. Bf1 c3 23. bxc3 Bxc3 24. Qe2 Qb6 25. Rab1 Bf6 26. Qd1 Rd8 27. Qa4 b3 28. Bc4 b2 29. Rf1 Bf5 30. e4 Bh3 31. Rfe1 Bd4 32. Re2 Bg4 33. Rd2 e5 34. Bd5 Qb4 35. Qxb4 axb4 36. Rxd4 exd4 37. Rxb2 Rb8 38. Rd2 b3 39. Rb2 Bd1 40. Kf1 d3 41. Ke1 Bc2 42. Kd2 Kf8 43. Bc4 Ke7 44. f4 Kf6 45. e5+ Ke7 46. Ke3 f6 47. exf6+ Kxf6 48. Kd2 Kf5 49. Bxd3+ Bxd3 50. Kxd3 Kg4 51. Kc3 Kh3 52. Kd3 Rb7 53. Ke3 1/2-1/2

[Event "EU-ch U18 blitz"]
[Site "Prague"]
[Date "2024.08.19"]
[Round "4"]
[White "Skrbec, Leon"]
[Black "Gschiel, Alexander"]
[Result "1-0"]
[WhiteElo "2250"]
[BlackElo "2346"]
[PlyCount "123"]
[EventDate "2024.08.19"]
[EventType "swiss (blitz)"]
[EventRounds "18"]
[EventCountry "CZE"]
[SourceTitle "CBM 221 Extra"]
[Source "ChessBase"]
[SourceDate "2024.09.30"]
[SourceVersion "1"]
[SourceVersionDate "2024.09.30"]
[SourceQuality "1"]

1. Nf3 d5 2. c4 e6 3. b3 Nf6 4. Bb2 Be7 5. e3 0-0 6. Nc3 c5 7. cxd5 exd5 8. d4 Nc6 9. Be2 Bg4 10. 0-0 Re8 11. h3 Bh5 12. dxc5 Bxc5 13. Nb5 Ne4 14. Nbd4 Bg6 15. Rc1 Rc8 16. a3 Bb6 17. b4 Nxd4 18. Nxd4 a6 19. Bf3 Qg5 20. Bg4 f5 21. f4 Qf6 22. Bf3 Qd6 23. Qd3 Kh8 24. Rfd1 h6 25. Rxc8 Rxc8 26. Ne2 Re8 27. Be5 Qc6 28. Rc1 Qa4 29. Nd4 Qd7 30. Kh2 Bf7 31. Qc2 Kh7 32. a4 Rd8 33. b5 axb5 34. axb5 Ra8 35. Be2 Ra3 36. Bd3 Rc3 37. Qb1 Rxc1 38. Qxc1 Be8 39. Qb2 Qc8 40. Bxg7 Bf7 41. Be5 Ba5 42. Nf3 Bc3 43. Bxc3 Qxc3 44. Qxc3 Nxc3 45. Bxf5+ Kg7 46. Nd4 Nd1 47. e4 dxe4 48. Bxe4 b6 49. Bc6 Ne3 50. g4 Bc4 51. Kg3 Kf6 52. h4 Nf1+ 53. Kf3 Nh2+ 54. Kg3 Nf1+ 55. Kf2 Nd2 56. g5+ hxg5 57. hxg5+ Kg6 58. Ke3 Nf1+ 59. Ke4 Ng3+ 60. Ke5 Bd3 61. Kd6 Nh5 62. Be8+ 1-0

[Event "EU-ch U18 rapid"]
[Site "Prague"]
[Date "2024.08.18"]
[Round "7"]
[White "Olenik Campa, Rudi"]
[Black "Gschiel, Alexander"]
[Result "1-0"]
[WhiteElo "2335"]
[BlackElo "2346"]
[PlyCount "135"]
[EventDate "2024.08.17"]
[EventType "swiss (rapid)"]
[EventRounds "9"]
[EventCountry "CZE"]
[SourceTitle "CBM 221 Extra"]
[Source "ChessBase"]
[SourceDate "2024.09.30"]
[SourceVersion "1"]
[SourceVersionDate "2024.09.30"]
[SourceQuality "1"]

1. e4 c6 2. Nf3 d5 3. d3 Qc7 4. Nc3 dxe4 5. Nxe4 Nf6 6. Qe2 Nxe4 7. Qxe4 Nd7 8. g3 Nf6 9. Qe2 Bf5 10. Bg2 e6 11. 0-0 Be7 12. a4 a5 13. Ne5 0-0 14. Nc4 Nd5 15. Re1 Bf6 16. Bd2 Nb4 17. Bf4 Qd8 18. h4 Nd5 19. Bd6 Re8 20. Be5 Bxe5 21. Qxe5 f6 22. Qe2 e5 23. Qd2 Qd7 24. Nxa5 Bh3 25. Nc4 Bxg2 26. Kxg2 Qg4 27. Kh2 Nf4 28. Ne3 Qh3+ 29. Kg1 Ne6 30. Qd1 f5 31. c3 Rad8 32. Qf3 Nf4 33. d4 Nd3 34. Red1 Nxb2 35. Rdb1 exd4 36. cxd4 Nd3 37. Nxf5 Rd5 38. Nh6+ gxh6 39. Qxd3 Rd7 40. Re1 Rf8 41. Qe3 Rdf7 42. Ra2 Qg4 43. Qe4 Qd7 44. Rb2 Qd6 45. Qe5 Qa3 46. Rbe2 Qxa4 47. Re4 Rg7 48. Qe6+ Kh8 49. Qxh6 Qc2 50. R4e2 Qf5 51. Kh2 Qd5 52. Re8 Qf7 53. Rxf8+ Qxf8 54. Qe3 Rf7 55. Re2 b5 56. Qe5+ Kg8 57. Qe6 Kh8 58. Kg2 Rf6 59. Qe5 Kg8 60. f4 b4 61. Rb2 Rg6 62. h5 Rg7 63. Qe6+ Kh8 64. Qxc6 Qg8 65. Qf3 Qc4 66. d5 Rd7 67. Rd2 b3 68. Qe3 1-0

[Event "EU-ch U18 rapid"]
[Site "Prague"]
[Date "2024.08.17"]
[Round "3"]
[White "Chyzy, Jakub"]
[Black "Gschiel, Alexander"]
[Result "0-1"]
[WhiteElo "2368"]
[BlackElo "2346"]
[PlyCount "78"]
[EventDate "2024.08.17"]
[EventType "swiss (rapid)"]
[EventRounds "9"]
[EventCountry "CZE"]
[SourceTitle "CBM 221 Extra"]
[Source "ChessBase"]
[SourceDate "2024.09.30"]
[SourceVersion "1"]
[SourceVersionDate "2024.09.30"]
[SourceQuality "1"]

1. e4 c6 2. d4 d5 3. e5 c5 4. dxc5 e6 5. Nf3 Bxc5 6. Bd3 Nc6 7. 0-0 Nge7 8. a3 Ng6 9. b4 Bb6 10. Bb2 0-0 11. Nbd2 Nf4 12. Nb3 Bd7 13. Qd2 Nxd3 14. Qxd3 Rc8 15. Rfd1 h6 16. Rac1 a5 17. c4 axb4 18. cxd5 exd5 19. Qxd5 Be6 20. Qb5 Qc7 21. Nbd2 Ba7 22. axb4 Qe7 23. Ne4 Bg4 24. Nd6 Bxf3 25. gxf3 Nd4 26. Qd5 Ne2+ 27. Kh1 Rxc1 28. Rxc1 Nxc1 29. Bxc1 Qh4 30. Be3 Bxe3 31. fxe3 Qh3 32. Kg1 Ra8 33. Qxf7+ Kh8 34. Qf4 Ra1+ 35. Kf2 Rf1+ 36. Ke2 Qg2+ 37. Kd3 Rd1+ 38. Kc4 Qc2+ 39. Kb5 Qc6+ 0-1

[Event "EU-chT U18"]
[Site "Rhodes"]
[Date "2024.06.24"]
[Round "4.1"]
[White "Eilenberg, Jonas"]
[Black "Gschiel, Alexander"]
[Result "1-0"]
[WhiteElo "2303"]
[BlackElo "2383"]
[PlyCount "73"]
[EventDate "2024.06.21"]
[EventType "team-swiss"]
[EventRounds "7"]
[EventCountry "GRE"]
[SourceTitle "CBM 220 Extra"]
[Source "ChessBase"]
[SourceDate "2024.07.31"]
[SourceVersion "1"]
[SourceVersionDate "2024.07.31"]
[SourceQuality "1"]
[WhiteTeam "Germany U18"]
[BlackTeam "Austria U18"]
[WhiteTeamCountry "GER"]
[BlackTeamCountry "AUT"]

1. d4 d5 2. c4 e6 3. g3 Nf6 4. Bg2 Bb4+ 5. Nc3 0-0 6. Nf3 Nc6 7. 0-0 dxc4 8. a3 Be7 9. e4 Na5 10. Be3 c6 11. Qc2 b5 12. Rad1 Bb7 13. Ne5 a6 14. f4 Qc7 15. g4 Rad8 16. g5 Nd7 17. Ng4 c5 18. d5 Nb3 19. e5 exd5 20. Nxd5 Bxd5 21. Bxd5 Nd4 22. Qg2 Nf5 23. e6 Nb6 24. exf7+ Kh8 25. Be4 Rxd1 26. Rxd1 Rxf7 27. Ne5 Bf8 28. Qh3 g6 29. Bxf5 gxf5 30. Rd8 Na4 31. g6 Rf6 32. Rd7 Qxd7 33. Nxd7 Rxg6+ 34. Kf1 Bg7 35. Qxf5 Nxb2 36. Qe4 Bc3 37. f5 1-0